Obálka Náhled e-knihy:
PDF Epub
Pro půjčování e-knih musíte být přihlášeni.
Jak si půjčit online?

Nový život /

Částečně biografický román o autorčině matce a tetě se odehrává v 50. letech 20. století v poválečném rozděleném Berlíně. Obě ženy se chtěly emancipovat a být nezávislé, což v té době bylo velmi těžké.

Uloženo v:
Série:Život, část 2
Hlavní autor: Fuchs, Katharina, 1963- (Autor)
Další autoři: Frolíková, Lucie, 1976- (Autor)
Médium: E-kniha
Jazyk:Czech
Vydáno: Praha : Dobrovský s.r.o., 2022
Edice:Red
Témata:
Příbuzné jednotky:Z cyklu:: Život
Tagy:
Žádné tagy
LEADER 03152nam a2200613 i 4500
001 311663
003 CZ PrSKC
005 20260601215709.0
007 ta
008 220811s2022 xr g 000 fccze
015 |a cnb003350841 
020 |a 9788027702411  |q (vázáno) 
035 |a (OCoLC)1350560647 
040 |a ABG001  |b cze  |d ABA001  |e rda 
041 1 |a cze  |h ger 
043 |a e-gx--- 
045 |a x1x5 
072 7 |a 821.112.2-3  |x Německá próza, německy psaná  |2 Konspekt 
072 7 |a 929  |x Biografie  |2 Konspekt 
080 |a 821.112.2-31  |2 MRF 
080 |a 316.346.2-055.2  |2 MRF 
080 |a 929  |2 MRF 
080 |a (430)  |2 MRF 
080 |a (0:82-312.6)  |2 MRF 
080 |a (0:82-311.6)  |2 MRF 
100 1 |a Fuchs, Katharina,  |d 1963-  |7 pna20211100484  |4 aut 
240 1 0 |a Neuleben.  |l Česky 
245 1 0 |a Nový život /  |c Katharina Fuchs ; z německého originálu Neuleben přeložila Lucie Frolíková 
264 1 |a Praha :  |b Dobrovský s.r.o.,  |c 2022 
300 |a 418 stran ;  |c 21 cm 
336 |a text  |b txt  |2 rdacontent 
337 |a bez média  |b n  |2 rdamedia 
338 |a svazek  |b nc  |2 rdacarrier 
490 1 |a Red 
520 2 |a Částečně biografický román o autorčině matce a tetě se odehrává v 50. letech 20. století v poválečném rozděleném Berlíně. Obě ženy se chtěly emancipovat a být nezávislé, což v té době bylo velmi těžké.  |b Dvě ženy - dva životní sny a nelehká 50. léta v rozděleném Berlíně. Katharina Fuchs velice autenticky, poutavě, s ohledem na detail, ale zároveň citlivě líčí skutečné příběhy dvou silných žen: své tety, která se stala jednou z prvních předsedkyní soudu v historii Německa, a své matky, módní návrhářky působící v Západním Berlíně. Na pozadí působivého příběhu popisuje zároveň nelehké osudy rodin rozpolcených válkou a následným rozdělením Německa. Nakladatelská anotace. 
600 1 7 |a Trotha, Theresa,  |d 1927-2010  |7 mzk20221164726  |2 czenas 
600 1 7 |a Trotha, Gisela,  |d 1929-  |7 mzk20221164727  |2 czenas 
648 7 |a 20. století  |7 ch460558  |2 czenas 
650 0 7 |a ženy  |7 ph127967  |z Německo  |y 20. století  |2 czenas 
650 0 9 |a women  |z Germany  |y 20th century  |2 eczenas 
655 7 |a německé romány  |7 fd132945  |2 czenas 
655 7 |a biografické romány  |7 fd131905  |2 czenas 
655 7 |a historické romány  |7 fd132414  |2 czenas 
655 9 |a German fiction  |2 eczenas 
655 9 |a biographical novels  |2 eczenas 
655 9 |a historical novels  |2 eczenas 
700 1 |a Frolíková, Lucie,  |d 1976-  |7 mzk2009517468  |4 trl 
787 0 8 |i Z cyklu:  |t Život  |g 2  |w (CZ-CtDS)59002d80-3dc8-5566-951b-1ddf8a339f95 
830 0 |a Red 
900 |a ABA001  |b 21 
044 |a xr 
910 |a RBIT002 
998 |d 360044  |a https://core.palmknihy.cz/api/books/360044/cover?ri6uwe  |b https://core.palmknihy.cz/api/books/360044/cover/400?ri6uwe  |c https://core.palmknihy.cz/api/books/360044/cover/50?ri6uwe  |e 2028-01-20  |g 424  |i 9788027702411  |j https://core.palmknihy.cz/api/books/360044/preview.epub  |k https://core.palmknihy.cz/api/books/360044/preview.pdf  |l   |q 49  |r 1  |s https://www.palmknihy.cz/kniha/360044  |t ebook  |y 2022  |z 0 
999 |d 311661